| 000 | 00759nam a2200253 a 4500 | ||
|---|---|---|---|
| 001 | 67240 | ||
| 003 | BD-RjUL | ||
| 005 | 20211209081629.0 | ||
| 008 | 170323s2000 enka b 001 0 eng | ||
| 020 | _a0750642513 | ||
| 035 | _a(BD-RjUL)67371 | ||
| 040 |
_aDLC _cDLC _dBD-RjUL _beng |
||
| 041 | _aeng | ||
| 082 | 0 | 0 |
_a636.976628 _223 _bLEF 2000 |
| 100 | 1 |
_aLewington, John H. _9199214 |
|
| 245 | 1 | 0 |
_aFerret husbandry, medicine, and surgery / _cJohn H. Lewington. |
| 260 |
_aOxford ; _aBoston : _bButterworth-Heinemann, _c2000. |
||
| 300 |
_aviii, 289 p. : _bill. ; _c25 cm. |
||
| 504 | _aIncludes bibliographical references. | ||
| 650 | 0 |
_aFerret _xDiseases. _9199215 |
|
| 650 | 0 |
_aFerret _xSurgery. _9199216 |
|
| 650 | 0 |
_aFerret. _9199217 |
|
| 942 |
_2ddc _cBK |
||
| 999 |
_c67240 _d67240 |
||